000 00523nam a2200217Ia 4500
003 OSt
005 20220928135427.0
006 a|||||r|||| 00| 0
007 ta
008 220927b |||||||| |||| 00| 0 eng d
024 _a2091
037 _cTextual
040 _aSDCL
_cSDCL
_beng
041 _2eng
_aeng
082 _aO-,1x, L4
100 _aTaylor Henry
_9490569
245 0 _aPoetry points of departure
260 _c1974
942 _hO-,1x, L4
_cTEXL
_2CC
999 _c805902
_d805902